Una storia semplice /

Guardat en:
Dades bibliogràfiques
Autor principal: Sciascia, Leonardo (Autor)
Format: Llibre
Idioma:italià
Publicat: Milano : Adelphi, 1997
Edició:14. ed
Col·lecció:Piccola biblioteca Adelphi ; 238
Etiquetes: Afegir etiqueta
Sense etiquetes, Sigues el primer a etiquetar aquest registre!

MARC

LEADER 00000nam a22000007i 4500
001 IT\ICCU\LIA\0498177
003 ItRI
005 20260115231914.0
008 040517s1997 it |||||| ||||| |||||c
020 |a 8845907295 
040 |b ita  |c importazione bologna sebina 
041 7 |a ita  |2 ISO-639-2 
100 1 |a Sciascia, Leonardo  |0 IT\ICCU\CFIV\007954  |4 aut 
240 1 4 |a Una storia semplice  |3 IT\ICCU\RAV\1962029  |9 Sciascia, Leonardo 
245 1 4 |a Una storia semplice /  |c Leonardo Sciascia. 
250 |a 14. ed 
260 |a Milano :  |b Adelphi,  |c 1997 
300 |a 66 p. ;  |c 18 cm. 
830 0 |a Piccola biblioteca Adelphi ;  |v 238  |0 IT\ICCU\CFI\0003745 
942 |2 ddc  |c BK  |n 0 
952 |0 0  |1 0  |4 0  |6 DOC_853_914000000000000_SCI  |7 0  |9 16027  |a BO  |b BO  |d 2026-01-15  |i 9157  |l 0  |o DOC 853.914 SCI  |p BO9157  |r 2026-01-15 23:19:14  |w 2026-01-15  |x [Sebina 5] [1 v.]  |y BK  |z 1 v. 
999 |c 13778  |d 13778